Histoire du drapeau du Turkménistan - Statistiques

Statistiques générales
  • Ce quiz a été pris 14 fois
    2 depuis la dernière actualisation
  • Le résultat moyen est 11 sur 19
Statistiques - réponses
Hint Réponse % Correct
Empire mongol (1220-1256)
100%
Cinquième drapeau de la république socialiste soviétique du Turkménistan (1974-1991) et premier drapeau du Turkménistan (1991-1992)
100%
Deuxième drapeau du Turkménistan (drapeau actuel depuis 1992)
100%
Califat Omeyyades (661-750)
100%
Califat Abbassides (750-1077)
100%
Deuxième drapeau de l'empire Russe (1896-1917) et république russe (1917)
100%
Empire Timouride (1375-1428)
50%
Troisième drapeau de la république socialiste soviétique du Turkménistan (1940-1953)
50%
République socialiste soviétique autonome du Turkestan (1917-1924)
50%
Premier drapeau de l'empire russe (1868-1896)
50%
Premier drapeau de la république socialiste soviétique du Turkménistan (1924-1937)
50%
Empire Achéménides (-559 - -330)
50%
Quatrième drapeau de la république socialiste soviétique du Turkménistan (1953-1974)
50%
Empire Sassanides (224-651)
50%
Empire Séleucides (-330 - -150)
50%
Empire Parthe (-150 - 224)
0%
Dynastie des Khwarezmchahs (1077-1220)
0%
Khanat de Djaghataï (1256-1334)
0%
Deuxième drapeau de la république socialiste soviétique du Turkménistan (1937-1940)
0%
Aucun quiz correspondant
Distribution des résultats
% des personnes avec chaque résultat
Percentile par nombre de réponses
Votre historique - résultats
Vous n’avez pas pris ce quiz depuis la dernière actualisation